Statistiken für Chinesische Sternzeichen

Klicken Sie hier um das Quiz zu spielen!

Allgemein

  • Dieses Quiz wurde 215 mal gespielt
  • Das Durchschnittsergebnis liegt bei 8 aus 12

Antwortstatistiken

Nr.Sternzeichen% Korrekt
6Hund
82%
12Schwein
78%
1Drache
77%
8Schlange
76%
4Ratte
74%
10Tiger
69%
5Pferd
66%
2Affe
60%
7Hase
59%
3Hahn
57%
9Ziege
56%
11Stier
34%

Verteilung der Resultate

Perzentil nach korrekt beantworteten Fragen

Anzahl Personen mit jedem Resultat

Ihre Resultats-Entwicklung

Sie haben dieses Quiz noch nicht gespielt